Welcome to CU Library Online Public Access Catalogue (OPAC)

Construction scheduling : (Record no. 8296)

MARC details
000 -LEADER
fixed length control field 00791cam a22002414a 4500
001 - CONTROL NUMBER
control field 13542963
005 - DATE AND TIME OF LATEST TRANSACTION
control field 20251121120514.0
008 - FIXED-LENGTH DATA ELEMENTS--GENERAL INFORMATION
fixed length control field 040330s2005 njua 001 0 eng
020 ## - INTERNATIONAL STANDARD BOOK NUMBER
International Standard Book Number 0131133373
Qualifying information casebound
020 ## - INTERNATIONAL STANDARD BOOK NUMBER
International Standard Book Number 9780131133372
Qualifying information (casebound)
050 00 - LIBRARY OF CONGRESS CALL NUMBER
Classification number TH438.4
Item number .N48 2005
082 00 - DEWEY DECIMAL CLASSIFICATION NUMBER
Classification number 690/.068/5
Edition information 22
100 1# - MAIN ENTRY--PERSONAL NAME
Personal name Newitt, Jay S.
245 10 - TITLE STATEMENT
Title Construction scheduling :
Remainder of title principles and practices /
Statement of responsibility, etc. Jay S. Newitt.
250 ## - EDITION STATEMENT
Edition statement 1st ed.
260 ## - PUBLICATION, DISTRIBUTION, ETC.
Place of publication, distribution, etc. Upper Saddle River, N.J. :
Name of publisher, distributor, etc. Pearson/Prentice Hall,
Date of publication, distribution, etc. c2005.
300 ## - PHYSICAL DESCRIPTION
Extent xix, 404 p. :
Other physical details ill. ;
Dimensions 25 cm. +
Accompanying material 1 CD-ROM (4 3/4 in.)
500 ## - GENERAL NOTE
General note Includes index.
650 #0 - SUBJECT ADDED ENTRY--TOPICAL TERM
Topical term or geographic name entry element Construction industry
General subdivision Management.
650 #0 - SUBJECT ADDED ENTRY--TOPICAL TERM
Topical term or geographic name entry element Building
General subdivision Superintendence.
650 #0 - SUBJECT ADDED ENTRY--TOPICAL TERM
Topical term or geographic name entry element Production scheduling.
942 ## - ADDED ENTRY ELEMENTS (KOHA)
Source of classification or shelving scheme Library of Congress Classification
Koha item type Books
Edition 1st ed.
Suppress in OPAC No
999 ## -
-- 8296
-- 8296
Holdings
Withdrawn status Lost status Source of classification or shelving scheme Damaged status Not for loan Collection Home library Current library Shelving location Date acquired Total checkouts Full call number Barcode Date last seen Copy number Price effective from Koha item type
    Library of Congress Classification     Non-fiction Science Library (Miotso) Science Library (Miotso) General stacks 11/21/2025   TH438.4 .N48 NEW SLM00005914 11/21/2025 1 11/21/2025 Books
© 2023-2024 Copyright: Central University Libraries. All Rights Reserved | Created by: Mahone Tech Office